The Use of Virtual Reality for the Detection of Early Signs of Alzheimer's Disease
Táto práca skúma potenciálne využitie VR pri odhaľovaní skorých symptómov Alzheimerovej choroby, ako sú poruchy pamäti a priestorová dezorientácia. Skúma tiež, ako možno VR použiť na spomalenie zhoršovania kognitívnych funkcií u pacientov s Alzheimerovou chorobou poskytovaním kognitívnej a fyzickej...
Enregistré dans:
| Auteur principal: | |
|---|---|
| Format: | Chapitre de livre |
| Langue: | anglais |
| Sujets: | |
| Tags: |
Pas de tags, Soyez le premier à ajouter un tag!
|
MARC
| LEADER | 00000naa a2200000 4500 | ||
|---|---|---|---|
| 001 | 0308107 | ||
| 005 | 20250410135218.8 | ||
| 041 | 0 | |a eng | |
| 044 | |a SK | ||
| 245 | 1 | 0 | |a The Use of Virtual Reality for the Detection of Early Signs of Alzheimer's Disease |c Richard Hasaj |
| 520 | |a Táto práca skúma potenciálne využitie VR pri odhaľovaní skorých symptómov Alzheimerovej choroby, ako sú poruchy pamäti a priestorová dezorientácia. Skúma tiež, ako možno VR použiť na spomalenie zhoršovania kognitívnych funkcií u pacientov s Alzheimerovou chorobou poskytovaním kognitívnej a fyzickej stimulácie. Potenciálne výhody VR pri Alzheimerovej chorobe sú rozsiahle, vrátane skoršej diagnózy, presnejšieho hodnotenia kognitívnych funkcií a zlepšených výsledkov pacientov. Okrem toho môže používanie VR pomôcť znížiť stigmu spojenú s Alzheimerovou chorobou a zvýšiť povedomie verejnosti o tejto chorobe a jej pochopenie. | ||
| 610 | 2 | 0 | |a realita virtuálna |
| 610 | 2 | 0 | |a medicína |
| 610 | 2 | 0 | |a prevencia |
| 610 | 2 | 0 | |a psychológia |
| 100 | 1 | |a Hasaj, Richard | |